| 000 | 00771nam a22002777a 4500 | ||
|---|---|---|---|
| 003 | CHAP | ||
| 005 | 20220329134002.0 | ||
| 008 | 971013s1943 r 00010 d | ||
| 010 | _a13629 | ||
| 011 | _a14601 | ||
| 035 | _a18675 | ||
| 040 | _cCHAP | ||
| 090 | _aTesis | ||
| 100 | 0 | 0 |
_aBecerra M., Carlos. _911141 |
| 245 | _aHiguerilla | ||
| 260 |
_aCd. Juarez, Chih. : _bEl autor, _c1943 |
||
| 300 |
_a41 p. _b: ilus. |
||
| 502 | _aTesis (Agronomo) -- Esc. Sup. de Agric. "Hermanos Escobar" | ||
| 590 |
_aALEPH _b10 _c20130110 _lUCH01 _h1233 |
||
| 590 |
_aBATCH-UPD _b10 _c20130110 _lUCH01 _h0907 |
||
| 590 |
_aCONVERSION _b10 _c20130109 _lUCH01 _h1309 |
||
| 650 | 1 | 4 |
_aHiguerilla. _955365 |
| 901 | _aBK | ||
| 942 | _cTESIS | ||
| 949 |
_bBC _cTES _d-43498 _eTS1 _i18675 _si |
||
| 999 |
_c13629 _d13629 |
||